00850cam a22002531 4500001001300000003000400013005001700017008004100034010001700075035002000092040002300112042001200135043001200147050001800159100003700177245006600214260005900280300004700339500006100386500007000447500001600517651004600533999001700579sa 66000851 DLC20260227112217.0890523s1965 ii 000 0 maro  asa 66000851  a(OCoLC)19754943 aDLCcWaUdNRUdDLC apremarc aa-ii---00aHC437.M32bR31 aRanadey, Sadashiv Annaji,d1909-10aMahārāshṭra maḡẽ kã?cLekhaka Sa. A. Rānaḍe. aMumbaī;bkevala ejanṭa: Pra. Pa. Karṇikac[1965] a148 p. (p. 146-148 advertisements)c19 cm. aAt head of title: Jīvana-laḍha, nāhĩtara raḍa! a"sa. 2001 paryanta pratyekānẽ abhyāsāvẽ asẽ pustaka." aIn Marathi. 0aMaharashtra (India)xEconomic conditions. c67450d67450